000 01347ngm a22003850a 4500
001 PT17804
003 AR-LpoUNG
005 20210202000253.0
007 vd cvaizq
008 191001s1986||||ag |||||||||||||||||spa d
037 _c$6.63
037 _c$8.30
040 _aAR-LpoUNG
_bspa
_cAR-LpoUNG
_eaacr
041 _aspa
044 _aag
082 0 _a982.064 434v2
100 1 _aPérez, Miguel
_edir.
245 1 3 _aLa república perdida II
260 _aBuenos Aires :
_bOrson,
_c[1986].
300 _aVHS (140 min.) : son., col.
505 0 _aMusicalización: Luis María Serra
520 _aLa república perdida, primera película documental que examina el reciente pasado argentino. La Argentina se está convirtiendo en un país si memoria. La destrucción de documentos y archivos continúa consumándose, a veces por motivos políticos, a veces por simple desidia y abandono. Esta película quiere contribuir a la recuperación de nuestro pasado y de nuestra historia.
650 4 _aARGENTINA
650 4 _aDEMOCRACIA
650 4 _aDICTADURA
650 4 _aGOBIERNO MILITAR
650 4 _aHISTORIA POLITICA
650 4 _aHISTORIA SOCIAL
650 4 _aSISTEMAS POLITICOS
653 _aDOCUMENTALES
653 _aVIDEOS
710 2 _aNoran Producciones (firma comercial)
905 _a17804
942 _cVIDEO
999 _c54494
_d54494